Skip to main content
Your cart is empty.
Your lists
Log in to create your own lists
Your cookies
العربية
English
العربية
Home
Search
Advanced search
Authority search
About
The noble scholar, jurist, historian
His Excellency Dr. Abdul Wahhab bin Ibrahim Abu Sulaiman, may Allah have mercy on him.
He was born in Umm Al-Qura in the year 1356 AH.
Library catalog
Title
Author
Subject
ISBN
ISSN
Series
Call number
Log in to your account
×
Login:
Password:
Home
MARC view: محاضرات في تاريخ المذهب المالكي في الغرب الإسلامي /
Normal view
MARC view
ISBD view
محاضرات في تاريخ المذهب المالكي في الغرب الإسلامي / (Record no. 61)
[
view plain
]
MARC details
000 -LEADER
fixed length control field
04907cam a2200301 i 4500
003 - CONTROL NUMBER IDENTIFIER
control field
SA-RiAUC
005 - DATE AND TIME OF LATEST TRANSACTION
control field
20250118153505.0
008 - FIXED-LENGTH DATA ELEMENTS--GENERAL INFORMATION
fixed length control field
240905s1987 mr g b 00000 ara c
040 ## - CATALOGING SOURCE
Original cataloging agency
SA-RiAUC
Language of cataloging
ara
Transcribing agency
SA-RiAUC
Modifying agency
AE-DuMBRL
Description conventions
rda
050 #4 - LIBRARY OF CONGRESS CALL NUMBER
Item number
.J53 1987
082 04 - DEWEY DECIMAL CLASSIFICATION NUMBER
Classification number
258.2
Assigning agency
SA-RiAUC
090 ## - LOCALLY ASSIGNED LC-TYPE CALL NUMBER (OCLC); LOCAL CALL NUMBER (RLIN)
Classification number (OCLC) (R) ; Classification number, CALL (RLIN) (NR)
258.2
Local cutter number (OCLC) ; Book number/undivided call number, CALL (RLIN)
ج ي د
100 1# - MAIN ENTRY--PERSONAL NAME
Personal name
الجيدي، عمر بن عبد الكريم.
Relator term
مؤلف.
245 10 - TITLE STATEMENT
Title
محاضرات في تاريخ المذهب المالكي في الغرب الإسلامي /
Statement of responsibility, etc.
الدكتور عمر الجيدي.
264 #1 - PRODUCTION, PUBLICATION, DISTRIBUTION, MANUFACTURE, AND COPYRIGHT NOTICE
Place of production, publication, distribution, manufacture
الرباط :
Name of producer, publisher, distributor, manufacturer
منشورات عكاظ،
Date of production, publication, distribution, manufacture, or copyright notice
[1987]
264 #3 - PRODUCTION, PUBLICATION, DISTRIBUTION, MANUFACTURE, AND COPYRIGHT NOTICE
Place of production, publication, distribution, manufacture
الدار البيضاء [المغرب] :
Name of producer, publisher, distributor, manufacturer
مطبعة النجاح الجديدة
300 ## - PHYSICAL DESCRIPTION
Extent
214 صفحة ؛
Dimensions
24 × 17 سم
336 ## - CONTENT TYPE
Content type term
نص
Content type code
txt
Source
rdacontent
Materials specified
كتاب
337 ## - MEDIA TYPE
Media type term
بدون وسيط
Media type code
n
Source
rdamedia
338 ## - CARRIER TYPE
Carrier type term
مجلد
Carrier type code
nc
Source
rdacarrier
504 ## - BIBLIOGRAPHY, ETC. NOTE
Bibliography, etc. note
ببليوجرافية : صفحة 201-208.
520 ## - SUMMARY, ETC.
Summary, etc.
يتناول الكتاب 12 محاضرة، والمقصود بالغرب الإسلامي (دول المغرب العربي في شمال إفريقيا، والأندلس) منذ حياة الإمام مالك-رحمه الله-حتى العصر الحاضر. المحاضرة الأولى : تحدث عن المذهب، لغة واصطلاحا، وهو لم يكن موجودا ولا معروفا بين المسلمين في عصر الأئمة، ثم تحدث عن تعدد المذاهب، وأنها أفهام وتفسيرات للنص، لا أنها قاعدة تامة لا تستبدل، وعدد المذاهب المنتشرة في ذلك الوقت، وأن ما بقي منها هو ما أحاطته عناية طلاب الأئمة بها، بعد فضل الله بها. ثم ذكر حياة الإمام مالك، والآفاق التي انتشر فيها موطأه، في حياته وبعد حياته، المحاضرة الثانية : تحدث فيها عن أسباب انتشار المذهب المالكي، المحاضرة الثالثة : محاربة المذهب المالكي في المغرب، على يد : الأغالبة، و فقهاء الأحناف، والعبيديين، والموحدين، المحاضرة الرابعة : أصول المذهب المالكي وقواعده، المحاضرة الخامسة : الأصول في المذهب المالكي، وذكر عناية المغاربة بالأصول، وأنهم مهتمون بها على خلاف القول الشائع بعدم اهتمامهم بها، وذكر عدة مؤلفات فيها، المحاضرة السادسة : الفتوى في المذهب المالكي، فقد عرف الفتوى، والأصل فيها، وشروط المفتي، إلى جانب المصنفات في هذا الفن، المحاضرة السابعة : ظهور علم التوثيق في المذهب المالكي، سار تقريبا على نفس نمط المحاضرة السادسة، المحاضرة الثامنة : أثر المختصرات الفقهية في المذهب المالكي، وإنها لم تكن الأصل، وقد شدد ابن العربي على المختصرات وذمها ودعا إلى المبسوطات، لأن المختصرات لا تنفع المنتهي ولا تفيد المبتدي، لتحولها إلى نصوص غامضة مع الزمن، المحاضرة التاسعة : القرائن في المذهب المالكي، وبين تعريف القرينة، واعتبار المذهب المالكي لها، وتقسيم القرائن بشكل موجز، المحاضرة العاشرة : أوائل المصنفات في المذهب المالكي (الموطأ) عرف بالكتاب وسبب التسمية ومنهجية الإمام مالك في وضعه، والروايات عنه، والشروح والعناية به، المحاضرة الحادية عشرة : تحدث عن المصنف الثاني في المذهب المالكي (المدونة) "مدونة سحنون" وتحدث عنها على نحو قريب من طريقته في الحديث عن الموطأ، المحاضرة الثانية عشرة : المصنف الثالث في المذهب المالكي "الرسالة" لأبي زيد القيرواني، وتحدث عنه بنفس الطريقة تقريبا التي تحدث فيها عما سبق من مصنفات. ثم فهرس المراجع القيمة والأصلية والمتصلة اتصالا مباشرا بمواضيع المحاضرات.
650 #7 - SUBJECT ADDED ENTRY--TOPICAL TERM
Topical term or geographic name entry element
الفقه الإسلامي
General subdivision
مذاهب
Form subdivision
مقالات ومحاضرات
Source of heading or term
aucsh
650 #7 - SUBJECT ADDED ENTRY--TOPICAL TERM
Topical term or geographic name entry element
الفقه المالكي
Geographic subdivision
المغرب العربي
General subdivision
تاريخ
Form subdivision
مقالات ومحاضرات
Source of heading or term
aucsh
650 #7 - SUBJECT ADDED ENTRY--TOPICAL TERM
Topical term or geographic name entry element
الفقه المالكي
General subdivision
تاريخ
Form subdivision
مقالات ومحاضرات
Source of heading or term
aucsh
942 ## - ADDED ENTRY ELEMENTS (KOHA)
Source of classification or shelving scheme
Dewey Decimal Classification
Koha item type
Books
949 ## - LOCAL PROCESSING INFORMATION (OCLC)
a
SA-JeALM
d
240905
u
mohamedma123
n
1
Holdings
Withdrawn status
Lost status
Source of classification or shelving scheme
Damaged status
Not for loan
Home library
Current library
Date acquired
Total checkouts
Full call number
Barcode
Date last seen
Price effective from
Koha item type
Dewey Decimal Classification
DR AbdElwahab Library
DR AbdElwahab Library
09/05/2024
258.2 ج ي د
000000121
09/05/2024
09/05/2024
Books
Dewey Decimal Classification
DR AbdElwahab Library
DR AbdElwahab Library
01/14/2025
258.2 ج ي د
000007563
01/14/2025
01/14/2025
Books
Dewey Decimal Classification
DR AbdElwahab Library
DR AbdElwahab Library
01/18/2025
258.2 ج ي د
000007872
01/18/2025
01/18/2025
Books
Place hold
Print
Add to your cart
(remove)
Save record
BIBTEX
Dublin Core
MARCXML
MARC (non-Unicode/MARC-8)
MARC (Unicode/UTF-8)
MARC (Unicode/UTF-8, Standard)
MODS (XML)
RIS
ISBD
More searches
Search for this title in:
Other Libraries (WorldCat)
Other Databases (Google Scholar)
Online Stores (Bookfinder.com)
Open Library (openlibrary.org)
Exporting to Dublin Core...
×
Simple DC-RDF
OAI-DC
SRW-DC